Virtuálne tímy: súčasnosť a perspektívy

Vymedzenie pojmu tím a tímová práca v ekonomickej literatúre. Pojem virtuálny tím. Personálne a technické zabezpečenie virtuálnych tímov. Porovnanie tradičných a moderných komunikačných prostriedkov. Vymedzenie predností a nedostatkov virtuálnych tímov. Tendencie ďalšieho rozvoja virtuálnych tí...

Descripción completa

Guardado en:
Detalles Bibliográficos
Autor principal: Varcholová, Tatiana
Otros Autores: Škultéty, Rastislav
Formato: Capítulo de libro
Lenguaje:eslovaco
Materias:
Etiquetas: Agregar Etiqueta
Sin Etiquetas, Sea el primero en etiquetar este registro!

MARC

LEADER 00000naa$a2200000$$$4500
001 0010914
005 20240502071355.9
041 0 |a slo 
044 |a SK 
245 1 0 |a Virtuálne tímy: súčasnosť a perspektívy  |c aut. Tatiana Varcholová, Rastislav Škultéty 
520 |a Vymedzenie pojmu tím a tímová práca v ekonomickej literatúre. Pojem virtuálny tím. Personálne a technické zabezpečenie virtuálnych tímov. Porovnanie tradičných a moderných komunikačných prostriedkov. Vymedzenie predností a nedostatkov virtuálnych tímov. Tendencie ďalšieho rozvoja virtuálnych tímov. 
610 2 0 |a tímy pracovné 
610 2 0 |a pojmy 
610 2 0 |a technológie informačné 
610 2 0 |a technológie komunikačné 
610 2 0 |a internet 
610 2 0 |a vzťahy pracovné 
610 2 0 |a firmy 
610 2 0 |a skupiny pracovné 
100 1 |a Varcholová, Tatiana 
700 1 |a Škultéty, Rastislav